[Event "ARG-ch17 email"]
[Site "Argentina"]
[Date "2003.??.??"]
[Round "?"]
[White "Cordoba, Hugo Feliciano"]
[Black "Zoroch, Alberto Andres"]
[Result "1-0"]
[WhiteElo "2558"]
[BlackElo "2375"]
[PlyCount "37"]
[EventDate "2003.??.??"]
[EventType "tourn (corr)"]
[EventRounds "16"]
[EventCountry "ARG"]
[SourceTitle "Corr 2006"]
[Source "ChessBase"]
[SourceDate "2006.04.01"]
[SourceVersion "3"]
[SourceVersionDate "2006.04.01"]
[SourceQuality "1"]

1. e4 e5 2. Nf3 Nc6 3. Bb5 a6 4. Bxc6 dxc6 5. 0-0 Nf6 6. Nxe5 Nxe4 7. Re1 Qd4 8. Nf3 Qxf2+ 9. Kh1 Bf5 10. Nc3 Be7 11. Nxe4 Qb6 12. Neg5 h6 13. Nh4 Qf2 14. Nxf5 Qxf5 15. Nf3 Qf6 16. Qe2 Rd8 17. Qe3 Qd6 18. b3 Kf8 19. Bb2 1-0

[Event "ARG-ch17 email"]
[Site "Argentina"]
[Date "2003.??.??"]
[Round "?"]
[White "Gimenez, Dante Manuel"]
[Black "Zoroch, Alberto Andres"]
[Result "1-0"]
[WhiteElo "2348"]
[BlackElo "2375"]
[PlyCount "48"]
[EventDate "2003.??.??"]
[EventType "tourn (corr)"]
[EventRounds "16"]
[EventCountry "ARG"]
[SourceTitle "Corr 2006"]
[Source "ChessBase"]
[SourceDate "2006.04.01"]
[SourceVersion "3"]
[SourceVersionDate "2006.04.01"]
[SourceQuality "1"]

1. d4 d5 2. Nf3 Nf6 3. c4 dxc4 4. Nc3 c6 5. a4 Bf5 6. e3 e5 7. Nxe5 Nbd7 8. Nxd7 Qxd7 9. Bxc4 Bd6 10. f3 0-0 11. e4 Be6 12. Bxe6 Qxe6 13. 0-0 Rad8 14. Qc2 Qc4 15. Be3 Rfe8 16. Rfc1 Nd7 17. Ne2 Qxc2 18. Rxc2 Nb6 19. a5 Nd5 20. exd5 Rxe3 21. a6 cxd5 22. axb7 Bb8 23. Ra3 Re7 24. Rb3 Rde8 1-0

[Event "ARG-ch17 email"]
[Site "Argentina"]
[Date "2003.??.??"]
[Round "?"]
[White "Luzio, Norberto"]
[Black "Zoroch, Alberto Andres"]
[Result "1-0"]
[WhiteElo "2458"]
[BlackElo "2375"]
[PlyCount "38"]
[EventDate "2003.??.??"]
[EventType "tourn (corr)"]
[EventRounds "16"]
[EventCountry "ARG"]
[SourceTitle "Corr 2006"]
[Source "ChessBase"]
[SourceDate "2006.04.01"]
[SourceVersion "3"]
[SourceVersionDate "2006.04.01"]
[SourceQuality "1"]

1. e4 e5 2. Nf3 Nc6 3. Bb5 Nd4 4. Nxd4 exd4 5. 0-0 c6 6. Ba4 Bd6 7. d3 Nf6 8. Bb3 0-0 9. Bg5 h6 10. Bh4 g5 11. Bg3 Bxg3 12. hxg3 d5 13. exd5 cxd5 14. Nd2 Bg4 15. Nf3 Qb6 16. Qd2 Bxf3 17. gxf3 Rfe8 18. Kg2 Rac8 19. Rh1 Kg7 1-0

[Event "ARG-ch17 email"]
[Site "Argentina"]
[Date "2003.??.??"]
[Round "?"]
[White "Zoroch, Alberto Andres"]
[Black "Arias Duval, Gonzalo Carlos"]
[Result "0-1"]
[WhiteElo "2375"]
[BlackElo "2332"]
[PlyCount "36"]
[EventDate "2003.??.??"]
[EventType "tourn (corr)"]
[EventRounds "16"]
[EventCountry "ARG"]
[SourceTitle "Corr 2006"]
[Source "ChessBase"]
[SourceDate "2006.04.01"]
[SourceVersion "3"]
[SourceVersionDate "2006.04.01"]
[SourceQuality "1"]

1. e4 e5 2. Nf3 Nc6 3. Bb5 a6 4. Bc4 Nf6 5. Nc3 Nxe4 6. Nxe4 d5 7. Bd3 dxe4 8. Bxe4 Nb4 9. a3 f5 10. Bxb7 Bxb7 11. axb4 e4 12. Ne5 Qf6 13. d4 exd3 14. Nxd3 0-0-0 15. 0-0 Bxb4 16. Qh5 Be7 17. Bf4 g6 18. Qh3 Rhe8 0-1

[Event "ARG-ch17 email"]
[Site "Argentina"]
[Date "2003.??.??"]
[Round "?"]
[White "Zoroch, Alberto Andres"]
[Black "Diani, Jose Angel"]
[Result "0-1"]
[WhiteElo "2375"]
[BlackElo "2389"]
[PlyCount "30"]
[EventDate "2003.??.??"]
[EventType "tourn (corr)"]
[EventRounds "16"]
[EventCountry "ARG"]
[SourceTitle "Corr 2006"]
[Source "ChessBase"]
[SourceDate "2006.04.01"]
[SourceVersion "3"]
[SourceVersionDate "2006.04.01"]
[SourceQuality "1"]

1. e4 c5 2. Nf3 d6 3. d4 cxd4 4. Nxd4 Nf6 5. Nc3 g6 6. Bb5+ Bd7 7. 0-0 Bg7 8. Be3 0-0 9. Qe2 Ng4 10. Bxd7 Qxd7 11. Nd5 Nxe3 12. Qxe3 Nc6 13. Nxc6 bxc6 14. Nc3 a5 15. Rad1 Qa7 0-1

[Event "ARG-ch17 email"]
[Site "Argentina"]
[Date "2003.??.??"]
[Round "?"]
[White "Zoroch, Alberto Andres"]
[Black "Muttoni, Guillermo Cesar"]
[Result "0-1"]
[WhiteElo "2375"]
[BlackElo "2294"]
[PlyCount "36"]
[EventDate "2003.??.??"]
[EventType "tourn (corr)"]
[EventRounds "16"]
[EventCountry "ARG"]
[SourceTitle "Corr 2006"]
[Source "ChessBase"]
[SourceDate "2006.04.01"]
[SourceVersion "3"]
[SourceVersionDate "2006.04.01"]
[SourceQuality "1"]

1. e4 c6 2. d4 d5 3. exd5 cxd5 4. Bd3 Nc6 5. Nf3 Bg4 6. Be3 e6 7. 0-0 Nf6 8. h3 Bh5 9. c4 dxc4 10. Bxc4 Bd6 11. Nc3 0-0 12. Rc1 Rc8 13. Be2 Bb8 14. Qa4 a6 15. Rfd1 Qd6 16. g4 Bg6 17. Bg5 Ne4 18. Bh4 Qf4 0-1

[Event "ARG-ch17 email"]
[Site "Argentina"]
[Date "2003.??.??"]
[Round "?"]
[White "Zoroch, Alberto Andres"]
[Black "Ramirez, Raul"]
[Result "0-1"]
[WhiteElo "2375"]
[BlackElo "2258"]
[PlyCount "26"]
[EventDate "2003.??.??"]
[EventType "tourn (corr)"]
[EventRounds "16"]
[EventCountry "ARG"]
[SourceTitle "Corr 2006"]
[Source "ChessBase"]
[SourceDate "2006.04.01"]
[SourceVersion "3"]
[SourceVersionDate "2006.04.01"]
[SourceQuality "1"]

1. e4 e5 2. Nf3 Nc6 3. Nc3 Nf6 4. Bb5 Nd4 5. Nxd4 exd4 6. 0-0 dxc3 7. bxc3 Be7 8. e5 Nd5 9. Bb2 c6 10. Bd3 Nf4 11. Qg4 Nxd3 12. cxd3 0-0 13. c4 d5 0-1